| 000 | 00810nam a22002297i 4500 | ||
|---|---|---|---|
| 999 |
_c22968 _d22968 |
||
| 003 | AR-CdUCM | ||
| 008 | 240808b20152015 pe||||| |||| 00| 0 spa d | ||
| 020 | _a978-612-314-474-6 | ||
| 040 |
_aMUNICIPALIDAD PROVINCIAL DEL CUSCO _cBIBLIOTECA MUNICIPAL DEL CUSCO |
||
| 082 |
_2 _aEP / 376.36 / O38A _bO38A |
||
| 100 |
_aOjeda Zañartu, Erlita. _950081 |
||
| 245 | _aEl alacrán de Fray Gómez, Historia de un cañoncito / | ||
| 260 |
_aLima : _bEdiciones COREFO S.A.C., _c2015. |
||
| 300 |
_a15 páginas. : _bIlustraciones a color, _c28 cm. |
||
| 505 | _aBasado en la obra de Ricardo Palma | ||
| 650 |
_aCuento _94671 |
||
| 650 |
_aLiteratura Infantil _9588 |
||
| 650 |
_aRazonamiento verbal _950153 |
||
| 700 |
_aD’Arraigo, Alfredo [Ilustrador] _950152 |
||
| 942 |
_2ddc _cLIBROS |
||
| 945 |
_apbj _d2024-08-08 |
||